000 00534nam a2200193 4500
003 SEACOMMC
005 20231011045201.0
008 231011b |||||||| |||| 00| 0 eng d
020 _cRs. 240.00
040 _aSEACOMMC
082 _a005.133
_bVAR
100 1 _aVaralakshmi, Pvn.
245 1 _aProjects using C
_bwith concepts and algorithms
_cPvn. Varalakshmi
260 _aChennai
_bScitech
_c2006
650 _aComputer science
650 _aComputer programming, programs, data
650 _aProgramming languages
942 _cBOOK
999 _c107
_d107